Säugetiere - Sudden Death - Statistiken

Allgemein
  • Dieses Quiz wurde 706 mal gespielt
    704 seit der letzten Aktualisierung
  • Das Durchschnittsergebnis liegt bei 7 aus 16
Answers on the Grid
Answers color-coded by a green-red scale on the quiz's grid according to % correct below.
Alpaka
Anakonda
Ararauna
Äsche
Austernfischer
Babirusa
Bienenfresser
Buschbaby
Chinchilla
Dschelada
Emu
Guppy
Hering
Hummer
Impala
Karakal
Kiwi
Koala
Manati
Narwal
Orang-Utan
Petermännchen
Pottwal
Palmendieb
Schnabeltier
Tapir
Tasmanischer Teufel
Tilapia
Trottellumme
Tukan
Vielfraß
Walhai
 
Antwortstatistiken
Antwort % Korrekt
Alpaka
74%
Orang-Utan
74%
Koala
71%
Tapir
65%
Chinchilla
63%
Vielfraß
56%
Pottwal
55%
Schnabeltier
55%
Tasmanischer Teufel
55%
Narwal
42%
Impala
38%
Manati
28%
Buschbaby
25%
Karakal
25%
Babirusa
9%
Dschelada
9%
Keine übereinstimmenden Quizze gefunden
Verteilung der Resultate
Anzahl Personen mit jedem Resultat
Perzentil nach korrekt beantworteten Fragen
Ihre Resultats-Entwicklung
Sie haben dieses Quiz seit der letzten Aktualisierung nicht gespielt